Direitos difusos e coletivos : (Record no. 996)

MARC details
000 -LÍDER
Campo Fixo de Controle 01019nam a2200277 a 4500
001 - NÚMERO DE CONTROLE
Campo de Controle 996
003 - IDENTIFICAÇÃO DO NÚMERO DE CONTROLE
Campo de Controle BR-CuiBMT
005 - DATA E HORA DA ÚLTIMA ATUALIZAÇÃO
Campo de Controle 20231130003304.0
008 - DADOS FIXOS
Dados Fixos 231124s2015 bab 000 0 por d
020 ## - INTERNATIONAL STANDARD BOOK NUMBER
Nº do ISBN 8544204635
040 ## - AGÊNCIA CATALOGADORA
Código da Agência Catalogadora BR-CuiBMT
Agência que transcreveu o registro BR-CuiBMT
080 ## - Nº DA CLASSIFICAÇÃO DECIMAL UNIVERSAL
Nº edição CDU 2007
Nº Class. CDU 342.7
Subd. Auxiliar Comum (079.1)
090 ## - NÚMERO DE CHAMADA
Nº classificação 342.7(079.1)
Cutter D476d
Ano/Edição 2. ed.
100 1# - ENTRADA PRINCIPAL -- AUTOR PESSOAL
Nome pessoal Destefenni, Marcos
245 10 - TÍTULO PRINCIPAL
Título principal Direitos difusos e coletivos :
Subtítulo em provas discursivas /
Indicação de responsabilidade Marcos Destefenni.
250 ## - EDIÇÃO
Edição 2. ed., rev., ampl. e atual.
260 ## - PUBLICAÇÃO, DISTRIBUIÇÃO, ETC.
Local de publicação Salvador :
Editora JusPODIVM,
Data 2015.
300 ## - DESCRIÇÃO FÍSICA
N. páginas ou volumes 148 p. ;
Dimensões 24 cm
490 1# - INDICAÇÃO DE SÉRIE
Título da série Provas discursivas respondidas e comentadas
500 ## - NOTAS GERAIS
Notas gerais Inclui respostas redigidas pelo autor do livro; seleções de jurisprudências temáticas; seleções de questões relacionadas.
650 ## - ASSUNTO TÓPICO
Cabeçalho tópico ou nome geográfico Direitos difusos
650 ## - ASSUNTO TÓPICO
Cabeçalho tópico ou nome geográfico Serviço público
Subdivisão geral Concursos
Subdivisão geográfica Brasil
650 ## - ASSUNTO TÓPICO
Cabeçalho tópico ou nome geográfico Interesses difusos
Subdivisão geral Problemas, questões, exercícios
Subdivisão geográfica Brasil
830 #0 - ENTRADA SECUNDÁRIA DE SÉRIE -- TÍTULO UNIFORME
Título uniforme Provas discursivas respondidas e comentadas
942 ## - ELEMENTOS DE ENTRADA ADICIONAIS (KOHA)
Fonte de classificação ou esquema de arquivamento Classificação Decimal Universal
Tipo de item do Koha Livros
Holdings
Estado: removido Estado: perdido Fonte de classificação ou esquema de arquivamento Estado: danificado Indisponível para empréstimo Localização permanente Localização atual Data de aquisição Total Checkouts Número de Chamada completo Código de barras Date last seen Número do exemplar Preço efetivo a partir de Tipo de item (Koha)
    Classificação Decimal Universal     Biblioteca da Escola Superior de Contas do TCE/MT Biblioteca da Escola Superior de Contas do TCE/MT 24/11/2023   342.7(079.1) D476d BIBTCEMT23111081 24/11/2023 Ex. 1 24/11/2023 Livros

Powered by Koha